000 00230 a2200085 4500
020 _a9788195320875
100 _aVIRENDRA KUMAR PAUL
245 _aTECHNO-MANAGERIAL APPROACH TO BUILDING REHABILITATION
260 _bCOPAL PUBLISHING GROUP
999 _c13094
_d13094